00489 a2200133 4500008004100000020001700041082002000058100002200078245006400100260008300164300001800247650002700265710006300292221010b ||||| |||| 00| 0 eng d a97818560974700a387.5448bS5789 aMcGuire and White aLiquefied gas handling principles on ships and in terminals aBermuda:bSociety of International Gas Tanker & Terminal Operators Ltd,c2016. axxxix, 527 p. 0aLiquefied gas carriers aSociety of International Gas Tanker and Terminal Operators